000 02485nam a2200289 i 4500
001 153363
003 ES-MaACL
005 20251001145631.0
008 050812s1637 fr |||| | lat d
100 1 _aCujas, Jacques (
_d1522-1590)
_942126
245 1 0 _aIacobi Cuiacii IC. praestantissimi Operum postumorum quae de iure reliquit, tomus primus [-quartus]... a mendis quibus anteà scatebant pene innumeris repurgatae, partim ope M. S. Codicum, in primis vero studio Th. Guerini, & Cl. Colombet iurisc.
250 _aSecunda editio ab eodem Cl. Colombet denuò recognita.
260 _aLutetiae Parisiorum :
_bapud Ioannem Germont ...,
_c1637.
300 _a4 v. ([8] p., 836 col., [6] p., 684 col., [66] p., [2] en bl. ; [8] p., 1260 col., [2] p., 295 col., [68] p., 584 col., [24] p. ; [4] p., 2461 col., [100] p. ; [12] p., 1524 col., [74] p., 410 col., p. 411-415, [10] p.) ;
_c36 cm.
505 8 _aContiene: Tomus primus: sive Papinianus; quo continentur ad universa Papiniani opera, quae in Pandectis supersunt, recitatationes acutissimae ; Tomus secundus. Sive Julius Paulus, id est a Iulÿ Pauli. Libr. ad Edictum, & Libr. quaestionum... ; Tomus tertius. Sive ad diversos titulos Pandectarum recitationes absolutissimae, non solùm quae anteà fuerunt editae sed & aliae pleraeque de novo adiectae, ut tertia pagina docebit.. ; Tomus quartus : Sive codex justinianus, idest, ad codicem instinianum, & lib. II. III. & IV. decretalium Gregorii recitationes selemnes, non solum emendatiores ijs omnibus quae antea in lucem prodierunt, sed & longè auctiores, ut ex sequenti pagina constabit..
530 _aDisponible en formato digital.
597 _aSign: a4, 2A-3L6, 3M4, 3N2, A-2K6, 2L4, 2M2 ; *4, A-2A4, 3A-3F6, 3G4, a-s6, a-c6, A-Z6, 2A-2B4, 2A-2B6 ; Sign.: []2, A-5T6, 5V4 ; *4, 2*8, A-3Z6, A-T6.
597 _aPort. a dos tintas con grab. calc. de retrato.
597 _aTexto a dos col.
650 7 _aDerecho romano
_2embne
_911764
700 1 _aColombet, Claude,
_ds. XVII
_9126550
700 1 _aGuérin, Th.
_9165167
852 _aES-MaACL
_jR-1515-21-
_z- Enc. hol.
_z- "Conforme al expurgo de 1707 ..."
_q- T. 2º, falto de la últimas p. (cuadernillo 2B)
_q- T. 3º, falto de port.
_z- Errores de pag. a partir de la col. 1080
_x- Olim: G-2203-8
856 _uhttps://bvpb.mcu.es/es/consulta/registro.do?id=577753
_zBiblioteca Virtual del Patrimonio Bibliográfico
942 _2udc
_cMONANT
_n0
999 _c153363
_d153363